[Event "FRA-chT4 1415"]
[Site "Champagne Ardennes"]
[Date "2014.10.12"]
[Round "1"]
[White "Fister, Bernard"]
[Black "Barreaud, Samuel"]
[Result "1/2-1/2"]
[WhiteElo "1520"]
[BlackElo "1802"]
[PlyCount "91"]
[EventDate "2014.10.16"]
[EventType "team-tourn"]
[EventRounds "7"]
[EventCountry "FRA"]
[SourceTitle "EXT 2024"]
[Source "ChessBase"]
[SourceDate "2023.10.10"]
[SourceVersion "1"]
[SourceVersionDate "2023.10.10"]
[SourceQuality "1"]

1. f4 d5 2. Nf3 g6 3. e3 Bg7 4. Be2 Nf6 5. b3 0-0 6. Bb2 c5 7. 0-0 Nc6 8. Ne5 Ne8 9. Nxc6 bxc6 10. Bxg7 Nxg7 11. Bf3 Qd6 12. Nc3 e6 13. Qe1 Ba6 14. Be2 Bxe2 15. Qxe2 Rfe8 16. Qf3 f5 17. Rad1 e5 18. fxe5 Rxe5 19. Ne2 Rae8 20. Nf4 Ne6 21. h4 Nxf4 22. Qxf4 Qf6 23. c3 Re4 24. Qg5 Qxg5 25. hxg5 Rg4 26. Rf4 Re4 27. Rdf1 Rxg5 28. Rxe4 fxe4 29. Rf6 d4 30. Rxc6 dxe3 31. dxe3 Rd5 32. Re6 Rd3 33. Rxe4 Rxc3 34. Kh2 Rc2 35. Ra4 h5 36. Kg3 g5 37. Kf3 Kf7 38. Rxa7+ Kf6 39. e4 Rc3+ 40. Kf2 Ke5 41. Re7+ Kf4 42. e5 Rc2+ 43. Kf1 Rxa2 44. Rc7 Kxe5 45. Rxc5+ Kf4 46. Rc4+ 1/2-1/2